[Event "Novosibirsk Sukharev Memorial Seniors"]
[Site "Novosibirsk"]
[Date "2012.07.22"]
[Round "5"]
[White "Letyagin, Boris"]
[Black "Pshenichnikov, Valerij"]
[Result "1-0"]
[WhiteElo "1866"]
[BlackElo "1719"]
[PlyCount "121"]
[EventDate "2012.07.18"]
[EventType "swiss"]
[EventRounds "9"]
[EventCountry "RUS"]
[SourceTitle "EXT 2014"]
[Source "ChessBase"]
[SourceDate "2013.11.20"]
[SourceVersion "1"]
[SourceVersionDate "2013.11.20"]
[SourceQuality "1"]

1. d4 d5 2. g3 c6 3. Bg2 e6 4. e4 Nf6 5. e5 Nfd7 6. f4 c5 7. Be3 cxd4 8. Bxd4 Bc5 9. Ne2 Nc6 10. c3 Qb6 11. b3 Bxd4 12. Nxd4 0-0 13. a4 Nxd4 14. cxd4 Qb4+ 15. Kf2 b6 16. Qd3 a6 17. Qc3 Qxc3 18. Nxc3 Bb7 19. Rhc1 Rac8 20. Ke3 Nb8 21. Bf1 Nc6 22. Bd3 Nb4 23. Na2 Nxa2 24. Rxc8 Rxc8 25. Rxa2 a5 26. Kd2 h6 27. Rb2 Bc6 28. Rc2 Bd7 29. g4 Rxc2+ 30. Bxc2 g6 31. Bd3 Kf8 32. Kc3 Ke7 33. Bc2 Kd8 34. h4 Ke7 35. Kd2 Kf8 36. Bd3 Ke7 37. Ke3 Kf8 38. Kf3 Kg7 39. Kg3 Kf8 40. h5 gxh5 41. g5 Kg7 42. Kh4 Be8 43. Be2 hxg5+ 44. Kxg5 h4 45. Kxh4 f5 46. Kg5 Bf7 47. Bb5 Bg8 48. Be8 Bh7 49. Bh5 Bg8 50. Bg6 Bf7 51. Bxf7 Kxf7 52. Kh6 Kf8 53. Kg6 Ke7 54. Kg7 Ke8 55. Kg8 Kd7 56. Kf7 Kc6 57. Kxe6 b5 58. Kxf5 bxa4 59. bxa4 Kd7 60. Kf6 Ke8 61. Ke6 1-0

[Event "Novosibirsk Sukharev Memorial Seniors"]
[Site "Novosibirsk"]
[Date "2012.07.20"]
[Round "3"]
[White "Kuzin, Vladimir"]
[Black "Letyagin, Boris"]
[Result "1-0"]
[WhiteElo "2002"]
[BlackElo "1866"]
[PlyCount "75"]
[EventDate "2012.07.18"]
[EventType "swiss"]
[EventRounds "9"]
[EventCountry "RUS"]
[SourceTitle "EXT 2014"]
[Source "ChessBase"]
[SourceDate "2013.11.20"]
[SourceVersion "1"]
[SourceVersionDate "2013.11.20"]
[SourceQuality "1"]

1. d4 d5 2. Nf3 Nc6 3. b3 a6 4. Bb2 Nf6 5. e3 Bf5 6. Bd3 Bxd3 7. cxd3 e6 8. 0-0 Be7 9. Nbd2 0-0 10. Ne5 Qd6 11. Rb1 Nd7 12. Nxc6 bxc6 13. Qc2 Nb8 14. f4 g6 15. Rf3 a5 16. a3 Ra7 17. e4 Rb7 18. e5 Qd7 19. Kh1 Rb6 20. g4 Qc8 21. f5 Bg5 22. Bc3 Ra6 23. Rbf1 exf5 24. gxf5 f6 25. fxg6 hxg6 26. Rg3 Kg7 27. Qd1 Qe6 28. Qf3 Nd7 29. Qg2 a4 30. exf6+ Bxf6 31. Rxg6+ Kf7 32. Bb4 Rh8 33. Rfxf6+ Nxf6 34. Rg7+ Ke8 35. Re7+ Qxe7 36. Bxe7 Kxe7 37. Qg7+ Ke6 38. Qxh8 1-0

[Event "Novosibirsk Sukharev Memorial Seniors"]
[Site "Novosibirsk"]
[Date "2010.07.25"]
[Round "8"]
[White "Letyagin, Boris"]
[Black "Chaschin, Nikolay"]
[Result "1-0"]
[WhiteElo "1875"]
[BlackElo "1843"]
[PlyCount "145"]
[EventDate "2010.07.18"]
[EventType "swiss"]
[EventRounds "9"]
[EventCountry "RUS"]
[SourceTitle "EXT 2011"]
[Source "ChessBase"]
[SourceDate "2010.11.26"]
[SourceVersion "1"]
[SourceVersionDate "2010.11.26"]
[SourceQuality "1"]

1. e4 c5 2. Bc4 e6 3. Nf3 Nc6 4. c3 d5 5. exd5 exd5 6. Bb5 Bd7 7. 0-0 Be7 8. Re1 Nf6 9. d4 0-0 10. h3 c4 11. b4 Ne4 12. Bxc4 Nxf2 13. Kxf2 dxc4 14. Bf4 b5 15. d5 Nb8 16. Kg1 Bf6 17. Qd2 Re8 18. Na3 Qb6+ 19. Be3 Qa6 20. Nc2 Bf5 21. Ncd4 Bd3 22. Bf4 Nd7 23. Qf2 Qb6 24. g4 g6 25. g5 Bg7 26. Re3 Rxe3 27. Qxe3 a5 28. Qe7 Nf8 29. Bd6 Ra7 30. bxa5 Qxa5 31. Bb4 Qa6 32. Qe3 Qb6 33. a3 Rb7 34. Re1 Qc7 35. Kg2 Qd7 36. d6 Bf5 37. h4 Bd3 38. Kg3 Bf5 39. Ne5 Bxe5+ 40. Qxe5 Bg4 41. Re4 Bh5 42. Qf6 Rb8 43. Qe7 Rb7 44. Qf6 Rb8 45. Qf4 Re8 46. Bc5 Ne6 47. Nxe6 Rxe6 48. Qe3 Rxe4 49. Qxe4 Kf8 50. Qa8+ Kg7 51. Bd4+ f6 52. Bxf6+ Kf7 53. Qd5+ Qe6 54. Qb7+ Ke8 55. Qxb5+ Kf7 56. Qb7+ Ke8 57. Qe7+ Qxe7 58. Bxe7 Bd1 59. Kf4 Ba4 60. Ke5 Kf7 61. Bd8 Bc6 62. Bc7 Bd7 63. Kd5 Be6+ 64. Kc5 Ke8 65. a4 Kd7 66. a5 Ke8 67. a6 Bf7 68. Kb6 Bd5 69. Kc5 Be6 70. Kc6 Bd7+ 71. Kd5 Bb5 72. Ke6 Bxa6 73. d7+ 1-0

[Event "Novosibirsk Sukharev Memorial Seniors"]
[Site "Novosibirsk"]
[Date "2010.07.20"]
[Round "3"]
[White "Letyagin, Boris"]
[Black "Mukhamadeev, Razit"]
[Result "1-0"]
[WhiteElo "1875"]
[BlackElo "2088"]
[PlyCount "77"]
[EventDate "2010.07.18"]
[EventType "swiss"]
[EventRounds "9"]
[EventCountry "RUS"]
[SourceTitle "EXT 2011"]
[Source "ChessBase"]
[SourceDate "2010.11.26"]
[SourceVersion "1"]
[SourceVersionDate "2010.11.26"]
[SourceQuality "1"]

1. d4 Nf6 2. c4 e6 3. a3 d5 4. Bg5 c5 5. e3 cxd4 6. cxd5 dxe3 7. fxe3 Qxd5 8. Qxd5 Nxd5 9. e4 Ne7 10. Nc3 Bd7 11. Nf3 f6 12. Be3 h6 13. 0-0-0 b5 14. b4 e5 15. h3 Nbc6 16. g4 Rc8 17. Kb2 Be6 18. Be2 g5 19. Rd6 Kf7 20. Rf1 a6 21. Bxg5 Ng8 22. Rxc6 Rxc6 23. Nxe5+ Kg7 24. Bxf6+ Nxf6 25. Nxc6 h5 26. g5 Nxe4 27. Nxe4 Bd5 28. Nb8 Bxb4 29. axb4 Rxb8 30. Nc5 Rb6 31. h4 Bf7 32. Bd3 Rd6 33. Rf4 Rd8 34. g6 Bg8 35. Kc3 Ra8 36. Rd4 a5 37. Be4 axb4+ 38. Kxb4 Bc4 39. Bxa8 1-0

[Event "Novosibirsk Sukharev Memorial Seniors"]
[Site "Novosibirsk"]
[Date "2010.07.19"]
[Round "2"]
[White "Konjkov, Victor"]
[Black "Letyagin, Boris"]
[Result "0-1"]
[WhiteElo "2010"]
[BlackElo "1875"]
[PlyCount "96"]
[EventDate "2010.07.18"]
[EventType "swiss"]
[EventRounds "9"]
[EventCountry "RUS"]
[SourceTitle "EXT 2011"]
[Source "ChessBase"]
[SourceDate "2010.11.26"]
[SourceVersion "1"]
[SourceVersionDate "2010.11.26"]
[SourceQuality "1"]

1. e4 Nc6 2. Bc4 e6 3. Nc3 a6 4. a3 Nf6 5. d3 d5 6. exd5 exd5 7. Ba2 Be7 8. Qf3 Bg4 9. Qf4 Be6 10. Nf3 0-0 11. 0-0 Nh5 12. Qd2 g6 13. Qh6 Re8 14. Bg5 f6 15. Bh4 Bf7 16. Qd2 Qd7 17. h3 Qd6 18. Ne2 Nd8 19. g4 Ng7 20. Nh2 c6 21. f4 Qd7 22. Rae1 h5 23. Qc3 g5 24. fxg5 fxg5 25. Bf2 Nge6 26. Bg3 Bg6 27. Be5 Bc5+ 28. d4 Ba7 29. Ng3 c5 30. dxc5 Bxc5+ 31. Kg2 Qc6 32. Nf3 h4 33. Ne2 Be4 34. Bg7 Nxg7 35. Ned4 Qd6 36. Ne2 Kh7 37. Kh1 Rc8 38. Qd2 Nde6 39. Neg1 Qe7 40. c3 Nf4 41. Bb1 Kh6 42. Bxe4 dxe4 43. Nxh4 Qc7 44. Nf5+ Kh7 45. Ne3 Rcd8 46. Qh2 Rd3 47. Ng2 Bxg1 48. Kxg1 Rxh3 0-1

[Event "Novosibirsk Sukharev Memorial Seniors"]
[Site "Novosibirsk"]
[Date "2009.07.22"]
[Round "5"]
[White "Volkov, Petr"]
[Black "Letyagin, Boris"]
[Result "0-1"]
[WhiteElo "2024"]
[BlackElo "1819"]
[PlyCount "100"]
[EventDate "2009.07.18"]
[EventType "swiss"]
[EventRounds "9"]
[EventCountry "RUS"]
[SourceTitle "EXT 2021"]
[Source "ChessBase"]
[SourceDate "2020.10.23"]
[SourceVersion "1"]
[SourceVersionDate "2020.10.23"]
[SourceQuality "1"]

1. e4 e6 2. d4 c5 3. Nf3 d5 4. Nc3 Nc6 5. exd5 exd5 6. dxc5 d4 7. Ne4 Bf5 8. Nd6+ Bxd6 9. cxd6 Qxd6 10. Bd3 Nge7 11. 0-0 0-0 12. Bg5 f6 13. Bh4 Rad8 14. Bg3 Qc5 15. Re1 Rfe8 16. Bc7 Rc8 17. Bxf5 Nxf5 18. Rxe8+ Rxe8 19. Bg3 g6 20. Qd3 Kg7 21. a3 Re7 22. Re1 Rxe1+ 23. Nxe1 a6 24. Bf4 Qe7 25. Bd2 Qe6 26. h3 h5 27. Nf3 g5 28. c3 Qd5 29. Be3 g4 30. hxg4 hxg4 31. Nxd4 Nh4 32. Qf1 Ne5 33. Bf4 Nc4 34. g3 Nf3+ 35. Nxf3 gxf3 36. Qc1 Qd3 37. b3 Na5 38. Qe1 Kf7 39. b4 Nc4 40. a4 Qe2 41. Qf1 f5 42. Qb1 Kf6 43. Qc1 Kg6 44. Be3 Nb2 45. Bd4 Nd3 46. Qe3 f4 47. gxf4 Kf5 48. Kh2 Kg4 49. f5 Qf1 50. Qe4+ Nf4 0-1

[Event "Novosibirsk Sukharev Memorial Seniors"]
[Site "Novosibirsk"]
[Date "2009.07.19"]
[Round "2"]
[White "Letyagin, Boris"]
[Black "Klimov, Valery"]
[Result "1-0"]
[WhiteElo "1819"]
[BlackElo "1928"]
[PlyCount "91"]
[EventDate "2009.07.18"]
[EventType "swiss"]
[EventRounds "9"]
[EventCountry "RUS"]
[SourceTitle "EXT 2021"]
[Source "ChessBase"]
[SourceDate "2020.10.23"]
[SourceVersion "1"]
[SourceVersionDate "2020.10.23"]
[SourceQuality "1"]

1. e4 e5 2. Nf3 Nc6 3. c4 Nf6 4. Nc3 Bc5 5. h3 d6 6. a3 0-0 7. Rb1 Be6 8. d3 a6 9. b4 Bd4 10. Ne2 Bb6 11. Bg5 h6 12. Bh4 g5 13. Bg3 Nh5 14. Qd2 f5 15. exf5 Bxf5 16. Bh2 Bxh3 17. Bxe5 Bg4 18. Bd4 Nxd4 19. Nexd4 Qf6 20. Ne2 Bxf3 21. gxf3 Qxf3 22. Rh2 Rae8 23. d4 Ng3 24. Rb2 Nh1 25. Bg2 Rxe2+ 26. Qxe2 Qc3+ 27. Qd2 Re8+ 28. Kf1 Qxc4+ 29. Kg1 Nxf2 30. Rc2 Qxd4 31. Qxd4 Bxd4 32. Bd5+ Kg7 33. Rhxf2 Bxf2+ 34. Kxf2 c6 35. Bf3 Rf8 36. Kg3 Kg6 37. Re2 d5 38. Re6+ Rf6 39. Bh5+ Kg7 40. Re7+ Kf8 41. Rxb7 Rd6 42. Rf7+ Kg8 43. Rf2 Kg7 44. Be2 d4 45. Bc4 h5 46. Rd2 1-0

[Event "Novosibirsk Region-ch Seniors"]
[Site "Novosibirsk"]
[Date "2009.02.??"]
[Round "4"]
[White "Letyagin, Boris"]
[Black "Stepanenko, Leonid"]
[Result "1/2-1/2"]
[WhiteElo "1819"]
[BlackElo "1884"]
[PlyCount "32"]
[EventDate "2009.02.??"]
[EventType "swiss"]
[EventRounds "9"]
[EventCountry "RUS"]
[SourceTitle "EXT 2012"]
[Source "ChessBase"]
[SourceDate "2011.11.24"]
[SourceVersion "1"]
[SourceVersionDate "2011.11.24"]
[SourceQuality "1"]

1. d4 d5 2. g3 Nf6 3. Bg2 e6 4. Nf3 c5 5. h4 Nc6 6. c3 cxd4 7. cxd4 Bd7 8. 0-0 Be7 9. Re1 0-0 10. Nc3 Ne4 11. Ne5 Nxc3 12. bxc3 Nxe5 13. dxe5 Qc7 14. Qb3 Rfc8 15. Bd2 Qc4 16. Qxc4 Rxc4 1/2-1/2